| 000 | 00651nam a2200217 a 4500 | ||
|---|---|---|---|
| 005 | 20240208063611.0 | ||
| 008 | 040123s2003 mx r 000 0 spa d | ||
| 020 | _a8449314054 | ||
| 035 | _aUPN01000131515 | ||
| 049 | _aCG | ||
| 050 | 4 |
_aPN181 _bC3.3 |
|
| 100 | 1 | _aCampbell, Morag | |
| 245 | 1 | 0 |
_aEscribir literatura de viajes / _cMorag Campbell ; tr. de Joan Carles Guix Vilaplana. |
| 260 |
_aBarcelona, Esp. : _bPaidos Ibérica, _c2003. |
||
| 300 | _a168 p. | ||
| 440 | 0 |
_aManuales de escritura ; _v01 |
|
| 650 | 4 |
_aEscritura creativa _912783 |
|
| 650 | 4 |
_aNarración (Retórica) _94866 |
|
| 650 | 2 |
_aArte de escribir _92551 |
|
| 905 | _aLibro | ||
| 999 |
_c103670 _d103670 |
||